000 00729nam a22002055i 4500
001 164497
003 ES-MaACL
005 20230906212940.0
008 050729m18971901gw | |||||||| ||ger d
040 _aCAM
_bspa
_cCAM
100 1 _aSalzmanns, Chistian Gotthilf.
_9132359
245 1 0 _aCh. G. Salzmanns Ausgewählte Schristen ... /
_cherausgegeben von Eduard Ackermann.
250 _a2. Aufl.
260 _aLangensalza :
_bHermann Beyer & Söhne,
_c1897-1901.
300 _a2 v. (XLVI, 250; 294 p.) ;
_c22 cm.
490 1 _aBibliothek Pädagogischer Klaffiker ;
_v29; 30
830 0 _aBibliothek Pädagogischer Klaffiker ;
_v29; 30
_9222356
852 _aES-MaACL
_jG-15183-15184
_z-- Enc. tela
999 _c164497
_d164497